| 000 | 00404nam a22001217a 4500 | ||
|---|---|---|---|
| 082 | _aTHE 200 | ||
| 100 |
_aAJMAL RAFIQUE, _972887 |
||
| 245 | _aTH-SOF-0630-IDENTIFICATION OF BARRIERS AFFECTING UNIVERSITY INDUSTRY LINKAGES AND SUGGESTED MEASURES FOR ITS IMPROVEMENT.PDF | ||
| 260 |
_aNUST COLLEGE OF EME _bISLAMABAD _c2018 |
||
| 650 | _a MS-EM-3 MSTHESIS | ||
| 700 |
_aDR NAWAR KHAN _918465 |
||
| 942 | _cCF | ||
| 999 |
_c578858 _d578858 |
||